one direction ultimate quiz - Statistics

General Stats
  • This quiz has been taken 28 times
  • The average score is 21 of 29
Answer Stats
Hint Answer % Correct
How much nipples does harry have? 4
100%
Who's birthday is on the 29th of august? Liam's
100%
How do you call a one direction fan? Directioner
95%
Who came up with the name One Direction Harry
95%
Who's moms name is Trisha? Zayn's
95%
Louis likes girls who eat ... carrots
89%
If they could add 1 member to the band, who would it be? Ed Sheeran
89%
What song is also the name of their 3rd album? midnight memories
89%
What's the bromance between niall and harry called? narry
89%
On which tv-show were they formed as a band? X-factor
89%
What's the common known abbrevation for one direction 1D
84%
How many Brit awards did they receive? (as in 2021) 7
84%
Last question: who was Harry's first celebrity crush? Louis Tomlinson
84%
What's the name of their 1st album? Up all night
84%
Where did Louis grew up (and where does he has his accent from lol)? Doncaster
74%
What's the name of Harry's sister? Gemma
74%
What was the name of the documentary/movie they released in 2013? This is us
68%
Where did Zayn grew up? Bradford
63%
Finish the lyrics; 'waking up, besides you i'm a ..' loaded gun
63%
What was the first song Zayn released after he left the band? Pillowtalk
63%
Finish the line; 'No, jimmy ...' protested
63%
At who's show were they when they did a tattoo roulette? James Corden
58%
What was the first song they sang together as a band (at Simon's house)? Torn
58%
What was the first song Niall released after the band went on a hiatus? Slow hands
53%
How did they used to call Simon Cowell (I don't like him) uncle simon
53%
How is the song called where Liam collaborates with Rita Ora? For you
47%
What song did Louis write for his mum, because she passed away? Two of us
42%
Finish the line; 'I was shouting 'Zayn, Zayn', ...' But he didn't come
21%
What's the name of Niall's most recent song (with Anne-Marie) as in 2021? Your song
11%
No matching quizzes found
Score Distribution
Percent of People with Each Score
Percentile by Number Answered
Your Score History
You have not taken this quiz